Introduction to Chinese politics (Record no. 1083827)

MARC details
000 -LEADER
fixed length control field 00761nam a2200301Ia 4500
003 - CONTROL NUMBER IDENTIFIER
control field OSt
005 - DATE AND TIME OF LATEST TRANSACTION
control field 20221006145720.0
008 - FIXED-LENGTH DATA ELEMENTS--GENERAL INFORMATION
fixed length control field 221006b |||||||| |||| 00| 0 eng d
037 ## - SOURCE OF ACQUISITION
Terms of availability Textual
040 ## - CATALOGING SOURCE
Original cataloging agency EASL
Transcribing agency EASL
Language of cataloging eng
041 ## - LANGUAGE CODE
Source of code eng
Language code of text/sound track or separate title eng
100 ## - MAIN ENTRY--PERSONAL NAME
Personal name HINTON Harold C
245 #0 - TITLE STATEMENT
Title Introduction to Chinese politics
260 ## - PUBLICATION, DISTRIBUTION, ETC.
Place of publication, distribution, etc. Newton
Name of publisher, distributor, etc. Abbot David & Cahrles
Date of publication, distribution, etc. 1973
300 ## - PHYSICAL DESCRIPTION
Extent 323p.
Dimensions cm.
490 ## - SERIES STATEMENT
Volume/sequential designation RS
650 ## - SUBJECT ADDED ENTRY--TOPICAL TERM
Topical term or geographic name entry element CPC
9 (RLIN) 655059
650 ## - SUBJECT ADDED ENTRY--TOPICAL TERM
Topical term or geographic name entry element Cultural Revolution
650 ## - SUBJECT ADDED ENTRY--TOPICAL TERM
Topical term or geographic name entry element PLA
9 (RLIN) 655060
650 ## - SUBJECT ADDED ENTRY--TOPICAL TERM
Topical term or geographic name entry element CEL
942 ## - ADDED ENTRY ELEMENTS (KOHA)
Classification part W.41.N72, L31
Koha item type Textual
Source of classification or shelving scheme Colon Classification (CC)
Holdings
Withdrawn status Lost status Source of classification or shelving scheme Damaged status Not for loan Home library Current library Date acquired Cost, normal purchase price Serial Enumeration / chronology Total Checkouts Full call number Barcode Date last seen Cost, replacement price Price effective from Koha item type
    Colon Classification (CC)     Department of East Asian Studies Library Department of East Asian Studies Library 2022-10-06 99.00 RS   W.41.N72 L31 EAS010166 2022-10-06 99.00 2022-10-06 Textual
Copyright @ Delhi University Library System